000 00526nam a2200193Ia 4500
999 _c15113
_d15113
003 OSt
005 20201113153633.0
008 190216s9999||||xx |||||||||||||| ||und||
020 _a8121915317
040 _coclc
082 _a425.76
_bAGG/O
100 _aAggarwal, R S
_96530
245 0 _aObjective Genaral English /
_cR.S Aggarwal
250 _a10th Ed.
260 _bS. Chand & Co,
_c2006.
_aNew delhi:
300 _a652p
650 _aEnglish
942 _cBK
_2ddc
_h425.76
_iAGG/O
_k425.76
_mAGG/O